Fatu-Hiva / Back to Nature (Record no. 1312)

000 -LEADER
fixed length control field 00584nam a22001937a 4500
003 - CONTROL NUMBER IDENTIFIER
control field OSt
005 - DATE AND TIME OF LATEST TRANSACTION
control field 20210426095231.0
008 - FIXED-LENGTH DATA ELEMENTS--GENERAL INFORMATION
fixed length control field 210210s1974 ||||| |||| 00| 0 eng d
040 ## - CATALOGING SOURCE
Original cataloging agency eng
Language of cataloging eng
Transcribing agency DLC
041 ## - LANGUAGE CODE
Language code of text/sound track or separate title eng
080 ## - UNIVERSAL DECIMAL CLASSIFICATION NUMBER
Universal Decimal Classification number 821.111
Item number H-64
100 ## - MAIN ENTRY--PERSONAL NAME
9 (RLIN) 818
Personal name Heyerdahl, Thor
245 ## - TITLE STATEMENT
Title Fatu-Hiva / Back to Nature
Statement of responsibility, etc. / by: Doubleday and Company Inc
260 ## - PUBLICATION, DISTRIBUTION, ETC.
Place of publication, distribution, etc. Garden City, New York
Name of publisher, distributor, etc. Doubleday and Company Inc
Date of publication, distribution, etc. 1974
300 ## - PHYSICAL DESCRIPTION
Extent 276 p.
Other physical details ill.
650 #0 - SUBJECT ADDED ENTRY--TOPICAL TERM
9 (RLIN) 247
Topical term or geographic name entry element English literature
653 ## - INDEX TERM--UNCONTROLLED
Uncontrolled term ინგლისური ლიტერატურა
942 ## - ADDED ENTRY ELEMENTS (KOHA)
Source of classification or shelving scheme
Koha item type Books
Holdings
Withdrawn status Lost status Source of classification or shelving scheme Damaged status Not for loan Permanent location Current location Date acquired Inventory number Total Checkouts Full call number Barcode Date last seen Price effective from Koha item type
          Ken Walker International University Ken Walker International University 02/10/2021 1342   821.111 H-64 1342 02/10/2021 02/10/2021 Books

Powered by Koha